[Event "Kadas"]
[Site "http://www.queenalice.com/game.php?id=149714"]
[Date "2007.1.3"]
[Round "2"]
[White "NIKBRS"]
[Black "luizmortagua"]
[Result "1-0"]
[WhiteElo "1803"]
[BlackElo "1914"]

1. h4 d5 2. h5 e5 3. h6 Nxh6 4. d4 Ng4 5. dxe5 Bc5 6. e3 Nxe5 7. Nc3 Be6 8. Nf3
Nxf3+ 9. Qxf3 Nc6 10. Bd2 Qd7 11. Be2 O-O-O 12. O-O-O d4 13. exd4 Nxd4 14. Qg3
Nxe2+ 15. Nxe2 f6 16. Be3 Bxe3+ 17. Qxe3 Qe7 18. Qxa7 Rxd1+ 19. Rxd1 1-0

[Event "AUTO-OPEN-298"]
[Site "http://www.queenalice.com/game.php?id=161025"]
[Date "2007.1.30"]
[Round "2"]
[White "Filps"]
[Black "NIKBRS"]
[Result "1/2-1/2"]
[WhiteElo "1655"]
[BlackElo "1869"]

1. e4 e5 2. Nf3 f5 3. exf5 e4 4. Qe2 Qe7 5. Nd4 Nc6 6. Nxc6 dxc6 7. Qh5+ Kd8 8.
Bc4 Nf6 9. Qh3 g6 10. O-O Bxf5 11. Qb3 b5 12. Be2 Be6 13. Qc3 Bd5 14. d3 Bg7 15.
Bg5 h6 16. Bxf6 Bxf6 17. d4 c5 18. Qg3 cxd4 19. Bxb5 d3 20. cxd3 Bxb2 1/2-1/2

[Event "AUTO-OPEN-298"]
[Site "http://www.queenalice.com/game.php?id=161026"]
[Date "2007.1.30"]
[Round "2"]
[White "NIKBRS"]
[Black "Filps"]
[Result "1-0"]
[WhiteElo "1843"]
[BlackElo "1666"]

1. e4 e5 2. f4 exf4 3. Nf3 Nf6 4. e5 Qe7 5. d4 d5 6. Nc3 Bg4 7. Be2 Ne4 8. Nxd5
Qd7 9. Nxf4 Nc6 10. d5 Na5 11. c3 b5 12. Nd4 Nc4 13. Bxg4 Qe7 14. Nc6 Qc5 15.
Qe2 g5 16. Qxe4 gxf4 17. Nb4 a5 18. Nd3 1-0

[Event "AUTO-OPEN-298"]
[Site "http://www.queenalice.com/game.php?id=161033"]
[Date "2007.1.30"]
[Round "2"]
[White "NIKBRS"]
[Black "Danado"]
[Result "1-0"]
[WhiteElo "1865"]
[BlackElo "1549"]

1. e4 e5 2. f4 Nc6 3. Nf3 exf4 4. Nc3 d6 5. d4 Bg4 6. Bxf4 Bxf3 7. gxf3 Qh4+ 8.
Bg3 Qf6 9. Nd5 Qxd4 10. Nxc7+ Kd8 11. Nxa8 Qxd1+ 12. Rxd1 f6 13. Bxd6 Bxd6 14.
Rxd6+ Ke7 15. Rd2 Nh6 16. Nc7 Nb4 17. Nd5+ Nxd5 18. Rxd5 g6 19. Bh3 f5 20. exf5
g5 21. Kd2 Rf8 22. Re1+ Kf6 23. Re6+ Kg7 24. Re7+ Kf6 25. Rxh7 Ng8 26. Rd6+ Ke5
27. Re6+ Kf4 28. Ke2 Nf6 29. Rh6 Nd5 30. Re4# 1-0

[Event "AUTO-OPEN-298"]
[Site "http://www.queenalice.com/game.php?id=161034"]
[Date "2007.1.30"]
[Round "2"]
[White "Danado"]
[Black "NIKBRS"]
[Result "0-1"]
[WhiteElo "1557"]
[BlackElo "1859"]

1. e4 e5 2. d4 exd4 3. Qxd4 Nc6 4. Qd1 Nf6 5. Bb5 Nxe4 6. Bxc6 bxc6 7. Qe2 Qe7
8. Nc3 Nxc3 9. Qxe7+ Bxe7 10. bxc3 Bf6 11. Ne2 Ba6 12. Nd4 c5 13. Ne2 O-O 14.
Ba3 Rfe8 15. O-O Bxe2 16. Rfe1 Bxc3 17. Rab1 Bxe1 18. Rxe1 Bc4 19. Rd1 Re2 20.
Bxc5 Bxa2 21. g3 d6 22. Be3 Rxc2 23. Kg2 a5 24. Kh3 a4 25. Rd2 Rxd2 26. Bxd2 a3
0-1

[Event "Kadas"]
[Site "http://www.queenalice.com/game.php?id=185398"]
[Date "2007.3.21"]
[Round "3"]
[White "Masegui"]
[Black "NIKBRS"]
[Result "1-0"]
[WhiteElo "2242"]
[BlackElo "1871"]

1. h4 d5 2. h5 e5 3. h6 Nxh6 4. d4 Ng4 5. f3 Nh6 6. dxe5 Nc6 7. Bxh6 gxh6 8. f4
f6 9. e4 Qd7 10. Nc3 dxe4 11. Nd5 Bg7 12. Qh5+ Kd8 13. O-O-O fxe5 14. Bb5 Qe6
15. Qh4+ Kd7 16. f5 1-0

[Event "AUTO-OPEN-298"]
[Site "http://www.queenalice.com/game.php?id=217414"]
[Date "2007.5.28"]
[Round "3"]
[White "ichtus"]
[Black "NIKBRS"]
[Result "1/2-1/2"]
[WhiteElo "2088"]
[BlackElo "1893"]

1. d4 e5 2. dxe5 Nc6 3. Bf4 Qe7 4. Nc3 Nxe5 5. Bxe5 Qxe5 6. Nf3 Qa5 7. a3 Nf6 8.
b4 Qb6 9. e3 c6 10. Be2 Be7 11. O-O O-O 12. Nd4 d5 13. Bf3 Bd7 14. Nb3 Qc7 15.
Re1 Rfe8 16. Na4 b6 17. Nb2 Bd6 18. h3 Be5 19. Rb1 Bf5 20. Nd3 Bh2+ 21. Kf1 Bd6
22. Nd4 Be4 23. Rc1 Bxf3 24. Qxf3 Ne4 25. Qd1 c5 26. Nb5 Qe7 27. Nxd6 Qxd6 28.
Kg1 Nc3 29. Qf3 c4 30. Nf4 a5 31. Ne2 Ne4 32. c3 axb4 33. axb4 Ra3 34. Red1 Qe5
35. Ra1 Rxa1 36. Rxa1 Nxc3 37. Nxc3 Qxc3 38. Ra7 Rf8 39. Qxd5 Qxb4 40. Kh2 c3
41. Rc7 Qa5 42. e4 Qxd5 43. exd5 Rd8 44. Rxc3 1/2-1/2

[Event "AUTO-OPEN-298"]
[Site "http://www.queenalice.com/game.php?id=217415"]
[Date "2007.5.28"]
[Round "3"]
[White "NIKBRS"]
[Black "ichtus"]
[Result "1/2-1/2"]
[WhiteElo "1857"]
[BlackElo "2069"]

1. e4 c5 2. d4 cxd4 3. c3 dxc3 4. Nxc3 Nc6 5. Nf3 g6 6. Bc4 Bg7 7. O-O d6 8. Qe2
Nf6 9. h3 O-O 10. Rd1 Bd7 11. Bf4 Nh5 12. Bd2 Rc8 13. g4 Nf6 14. Rac1 a6 15. Nd5
e6 16. Nxf6+ Qxf6 17. Bc3 Qe7 18. Bxg7 Kxg7 19. Qd3 Rfd8 20. Bb3 Qf6 21. Rc2 Ne5
22. Nxe5 Qxe5 23. Qxd6 Qxd6 24. Rxd6 Bc6 25. Rxd8 Rxd8 26. f3 g5 27. Kf2 Kf6 28.
Ke3 h6 29. Bc4 e5 1/2-1/2

[Event "Kadas"]
[Site "http://www.queenalice.com/game.php?id=267250"]
[Date "2007.9.5"]
[Round "4"]
[White "NIKBRS"]
[Black "Pato"]
[Result "1-0"]
[WhiteElo "1868"]
[BlackElo "1957"]

1. h4 d5 2. h5 e5 3. h6 Nxh6 4. d4 exd4 5. Bxh6 gxh6 6. Qxd4 Rg8 7. Nc3 c6 8.
O-O-O Qg5+ 9. e3 Be6 10. Nf3 Qg7 11. e4 Qxd4 12. Nxd4 Nd7 13. exd5 cxd5 14. g3
Nb6 15. Bd3 a6 16. Bxh7 Rg4 17. Nf5 O-O-O 18. Nxh6 Rb4 19. a3 Rc4 20. Rd3 Kd7
21. Nf5 Rdc8 22. Ne3 1-0

[Event "AUTO-ADV-808"]
[Site "http://www.queenalice.com/game.php?id=356736"]
[Date "2008.2.18"]
[Round "1"]
[White "NIKBRS"]
[Black "Plotnnikov"]
[Result "0-1"]
[WhiteElo "1968"]
[BlackElo "2241"]

1. e4 Nf6 2. Nc3 e5 3. f4 d5 4. fxe5 Nxe4 5. Nf3 Nc6 6. Bb5 Be7 7. Qe2 Nxc3 8.
dxc3 O-O 9. Bf4 a6 10. Bxc6 bxc6 11. O-O-O c5 12. c4 c6 13. Rhe1 Be6 14. b3 Qa5
15. cxd5 cxd5 16. Kb1 h6 17. Nd2 Rfc8 18. c4 Bf5+ 19. Kb2 d4 20. Ne4 Rd8 21. g4
Bxe4 22. Qxe4 Qc3+ 23. Kb1 d3 24. Rc1 Qd4 25. Re3 Qxe4 26. Rxe4 a5 27. e6 a4 28.
exf7+ Kxf7 29. Be5 axb3 30. axb3 Rd7 31. Rd1 Bg5 32. Kb2 Re8 33. Kc3 Bf6 34.
Rxd3 Bxe5+ 0-1

[Event "AUTO-ADV-808"]
[Site "http://www.queenalice.com/game.php?id=356737"]
[Date "2008.2.18"]
[Round "1"]
[White "Plotnnikov"]
[Black "NIKBRS"]
[Result "1/2-1/2"]
[WhiteElo "2094"]
[BlackElo "1902"]

1. Nf3 d5 2. b3 c6 3. Bb2 Bg4 4. e3 Nd7 5. h3 Bh5 6. Be2 Ngf6 7. O-O e6 8. c4
Bd6 9. d4 O-O 10. Nbd2 Qc7 11. c5 1/2-1/2

[Event "AUTO-ADV-808"]
[Site "http://www.queenalice.com/game.php?id=356738"]
[Date "2008.2.18"]
[Round "1"]
[White "NIKBRS"]
[Black "mariolusena"]
[Result "1-0"]
[WhiteElo "1911"]
[BlackElo "2068"]

1. e4 e5 2. f4 d6 3. Nf3 Bg4 4. Bc4 Nf6 5. d3 Nc6 6. Nc3 Nd4 7. O-O Be7 8. fxe5
dxe5 9. Bxf7+ Kxf7 10. Nxe5+ Kg8 11. Nxg4 Nxg4 12. Qxg4 Nxc2 13. Qe6# 1-0

[Event "AUTO-ADV-808"]
[Site "http://www.queenalice.com/game.php?id=356739"]
[Date "2008.2.18"]
[Round "1"]
[White "mariolusena"]
[Black "NIKBRS"]
[Result "1-0"]
[WhiteElo "2333"]
[BlackElo "1963"]

1. e4 e6 2. d4 f5 3. Bd3 fxe4 4. Bxe4 Nf6 5. Nc3 d5 6. Bd3 Nc6 7. Nf3 Bd6 8. Nb5
O-O 9. O-O a6 10. Nxd6 Qxd6 11. b3 e5 12. dxe5 Nxe5 13. Nxe5 Qxe5 14. Ba3 Rf7
15. Re1 Qg5 16. Bc1 Qh4 17. f3 Bd7 18. Bb2 Nh5 19. Re5 c6 20. Qd2 Raf8 21. Rae1
Nf4 22. g3 Nh3+ 23. Kg2 Qf6 24. Bxh7+ Kh8 25. Be4 Kg8 26. Rxd5 Qxb2 27. Rxd7
Rxd7 28. Qxd7 Ng5 29. Bd3 Qxa2 30. Re8 Qa3 31. f4 Nh7 32. Qe6+ Kh8 33. Qh3 1-0

[Event "AUTO-ADV-808"]
[Site "http://www.queenalice.com/game.php?id=356740"]
[Date "2008.2.18"]
[Round "1"]
[White "NIKBRS"]
[Black "josecastroman"]
[Result "1-0"]
[WhiteElo "1935"]
[BlackElo "1925"]

1. e4 e5 2. f4 Nc6 3. Nf3 Bc5 4. Nc3 d6 5. Bc4 Nf6 6. d3 Bg4 7. Na4 Nd4 8. Nxc5
dxc5 9. c3 Nxf3+ 10. gxf3 Bh5 11. Qe2 exf4 12. Bxf4 h6 13. O-O-O O-O 14. Rhg1
Kh8 15. Qe3 b6 16. Bxh6 Bg6 17. Bg5 Kh7 18. f4 Qd7 19. f5 Bh5 20. Qh3 1-0

[Event "AUTO-ADV-808"]
[Site "http://www.queenalice.com/game.php?id=356741"]
[Date "2008.2.18"]
[Round "1"]
[White "josecastroman"]
[Black "NIKBRS"]
[Result "0-1"]
[WhiteElo "1967"]
[BlackElo "1951"]

1. e4 e5 2. Nf3 f5 3. Bc4 fxe4 4. Nxe5 d5 5. Bb3 Qg5 6. d4 Qxg2 7. Rf1 Bh3 8.
Qe2 Qxf1+ 9. Qxf1 Bxf1 10. Kxf1 Nf6 11. Nc3 c6 12. Bg5 Be7 13. Ke2 Nbd7 14. Rg1
g6 15. a3 Nxe5 16. dxe5 Nd7 17. Bxe7 Kxe7 18. Rg5 Rae8 19. Nd1 Kf7 20. c4 Ke6
21. Nc3 Nxe5 22. Ba2 Nxc4 23. Bxc4 dxc4 24. Nxe4 Kd7 25. f3 Rhf8 26. h4 Rf5 27.
Rg4 Rb5 28. Kd1 Rf8 29. Nd2 Rxb2 30. Rxc4 Ra2 31. a4 Rf5 32. f4 Rd5 0-1

[Event "AUTO-ADV-1074"]
[Site "http://www.queenalice.com/game.php?id=477674"]
[Date "2008.10.15"]
[Round "1"]
[White "NIKBRS"]
[Black "romerov"]
[Result "0-1"]
[WhiteElo "1950"]
[BlackElo "1806"]

1. e4 c6 2. d4 d5 3. c4 dxe4 4. Nc3 Nf6 5. Bg5 Nbd7 6. f3 exf3 7. Nxf3 e6 8. Bd3
Bd6 9. Qe2 O-O 10. O-O-O Qc7 0-1

[Event "AUTO-ADV-1074"]
[Site "http://www.queenalice.com/game.php?id=477678"]
[Date "2008.10.15"]
[Round "1"]
[White "NIKBRS"]
[Black "yanpom"]
[Result "0-1"]
[WhiteElo "1928"]
[BlackElo "1943"]

1. e4 e5 2. f4 exf4 3. Nf3 d5 4. exd5 Qxd5 5. Nc3 Qe6+ 6. Be2 Bd6 7. O-O Nf6 8.
Bb5+ Kf8 9. Re1 Qg4 10. d4 c6 0-1

[Event "AUTO-ADV-1074"]
[Site "http://www.queenalice.com/game.php?id=477679"]
[Date "2008.10.15"]
[Round "1"]
[White "yanpom"]
[Black "NIKBRS"]
[Result "1-0"]
[WhiteElo "1958"]
[BlackElo "1913"]

1. e4 e5 2. Nf3 f5 3. Nxe5 Qf6 4. d4 d6 5. Nc4 fxe4 6. Nc3 Qg6 7. Nd5 Qf7 8.
Nde3 Nf6 9. Nd2 d5 10. c4 c6 11. cxd5 1-0

[Event "Challenge"]
[Site "http://www.queenalice.com/game.php?id=938993"]
[Date "2011.5.17"]
[Round "-"]
[White "alexferreira"]
[Black "NIKBRS"]
[Result "0-1"]
[WhiteElo "1921"]
[BlackElo "1914"]

1. d4 e5 2. g3 exd4 3. Qxd4 Nc6 4. Qe3+ Be7 5. Bg2 Nf6 6. Nf3 O-O 7. c3 d5 8.
O-O Bf5 9. Qd2 Qd7 10. Re1 Rfe8 11. Qd1 Rad8 12. Bg5 h6 13. Bxf6 Bxf6 14. Nbd2
d4 15. c4 Nb4 16. Rc1 d3 17. e4 Bg4 18. Qb3 Nc2 19. Rf1 b6 20. Nb1 Rxe4 21. Nbd2
Re7 22. Ne1 Be2 23. Nxc2 Bxf1 24. Bxf1 dxc2 25. Rxc2 Re1 26. Nf3 Rd1 27. Kg2 c5
28. Qe3 Re8 29. Qf4 Qc6 30. Be2 Rd7 31. b3 Rd4 32. Qc1 Bg5 33. Qf1 Rd7 34. Kg1
Qf6 35. h4 Qf5 36. Rc3 Bd2 37. Nxd2 Rxd2 38. Bd3 Qe5 39. Qc1 Qe1+ 40. Qxe1 Rxe1+
41. Kg2 Rxa2 42. Kf3 a5 43. Be4 Rae2 44. Bf5 Re5 45. Bg4 f6 46. Rd3 Ra1 47. Rd6
Rb1 48. Rxb6 a4 49. Be6+ Kf8 50. Rb8+ Ke7 51. Bd5 a3 52. Rb7+ Kd6 53. Rb6+ Kc7
54. Rc6+ Kd7 55. Rxc5 a2 56. Bc6+ Kd6 0-1

[Event "Challenge"]
[Site "http://www.queenalice.com/game.php?id=939001"]
[Date "2011.5.17"]
[Round "-"]
[White "NIKBRS"]
[Black "alexferreira"]
[Result "1-0"]
[WhiteElo "1899"]
[BlackElo "1877"]

1. e4 d5 2. exd5 Qxd5 3. Nc3 Qe6+ 4. Be2 c6 5. Nf3 g6 6. O-O Bg7 7. d4 Nf6 8.
Bf4 O-O 9. Qd2 Nd5 10. Bc4 Qd7 11. Ne5 Qd8 12. Rfe1 Nxf4 13. Qxf4 e6 14. Ne4 Nd7
15. Rad1 Nxe5 16. dxe5 Qc7 17. Nd6 b6 18. Rd3 Rd8 19. Rf3 Rd7 20. Ne8 Qb7 21.
Nxg7 Kxg7 22. Bxe6 Re7 23. Bxc8 Qxc8 24. Qf6+ Kh6 25. Qxe7 Qg8 26. Qf6 Re8 27.
Rh3# 1-0